000 00961cam a22002894a 4500
001 73114
003 OSt
005 20160510153815.0
008 960220s1996 waua b 101 0 eng
010 _a 95070007
020 _a0819419893 (pbk.)
040 _aSEKU
042 _apcc
050 0 0 _aRC 271
_b.E34 1996
082 0 0 _a616.99/40631
_221
100 _aEhrenberg, Benjamin.
245 0 0 _aProceedings of photochemotherapy, photodynamic therapy and other modalities, 14-16 September 1995, Barcelona, Spain /
_cBenjamin Ehrenberg, Giulio Jori, Johan Moan [editors].
260 _aBellingham, WA :
_bSPIE,
_c1996.
300 _axxi, 564 p. :
_bill. ;
_c28 cm.
490 1 _aProgress in biomedical optics
490 1 _aSPIE proceedings series ;
_vv. 2625
504 _aIncludes bibliographical references and index.
650 0 _aCancer
_xPhotochemotherapy
_vCongresses.
700 1 _aJori, Giulio.
700 1 _aMoan, Johan.
942 _2lcc
_cGEN
999 _c13668
_d13668